ASSESSMENT OF WIND ENERGY POTENCIAL AND ITS LOCALIZEDE CHARACTERISTICS IN KISII REGION,KENYA (Record no. 215997)

MARC details
000 -LEADER
fixed length control field 00410nam a22001337a 4500
008 - FIXED-LENGTH DATA ELEMENTS--GENERAL INFORMATION
fixed length control field 250807b |||||||| |||| 00| 0 eng d
050 ## - LIBRARY OF CONGRESS CALL NUMBER
Classification number THE:TJ 820 .O54 2018
100 ## - MAIN ENTRY--PERSONAL NAME
Personal name ONGAKI N. LABAN
245 ## - TITLE STATEMENT
Title ASSESSMENT OF WIND ENERGY POTENCIAL AND ITS LOCALIZEDE CHARACTERISTICS IN KISII REGION,KENYA
260 ## - PUBLICATION, DISTRIBUTION, ETC.
Place of publication, distribution, etc. KENYA
Name of publisher, distributor, etc. KISII UNIVERSITY
Date of publication, distribution, etc. 2018
300 ## - PHYSICAL DESCRIPTION
Extent X,149
942 ## - ADDED ENTRY ELEMENTS (KOHA)
Source of classification or shelving scheme Library of Congress Classification
Koha item type Reference
Holdings
Withdrawn status Lost status Source of classification or shelving scheme Damaged status Not for loan Collection Home library Current library Shelving location Date acquired Inventory number Total checkouts Full call number Barcode Date last seen Copy number Price effective from Koha item type
    Library of Congress Classification     Reference Kisii University Library Kisii University Library On Display 08/07/2025 108000   THE:TJ 820. O54 2018 000000023830 08/07/2025 1 08/07/2025 Reference